| 000 | 00739cam a22001935a 4500 | ||
|---|---|---|---|
| 001 | L150547 | ||
| 008 | 100726e2010 xxk 000 0 eng d | ||
| 035 | _a(Sirsi) u150547 | ||
| 041 | 0 | _aeng | |
| 100 | 1 | _aBlackler, Tony | |
| 245 | 0 | 0 |
_aCollateral damage _bleaseholders or buyers of buildings should be able to pre-empt arguments from contractors to escape liability under collateral warranties. |
| 260 | _a2010 | ||
| 490 |
_aBuilding _v275 (8639) 23 July 2010, 50(1) |
||
| 520 | _aStresses the importance of collateral warranties; lessons to be learned from cases mentioned. | ||
| 590 | _aKA | ||
| 651 | 4 |
_aUnited Kingdom _y |
|
| 690 | _aPROPERTY-COMMERCIAL PROPERTY- COMMERCIAL LANDLORD AND TENANT- COMMERCIAL LEASES | ||
| 942 | _n0 | ||
| 999 |
_c82554 _d82554 |
||